1743 1071 1166 1549 1189 1412 1471 1082 1623 1268 1487 1053 1021 1326 1768 1204 1669 1780 1191 1801 1520 1967 1436 1668 1021 1987 1523 1969 1535 1911 1583 1813 1390 1087 1921 1964 1100 1433 1979 1595 1036 1508 1621 1104 1772 1459 1129 1606 1865 1101 1581 1227 1994 1217 1761 1973 1393 1356 1958 1170 1475 1083 1903 1123 1383 1553 1288 1646 1440 1254 1675 1998 1707 1083 1815 1393 1884 1894 1167 1553 1242 1515 1886 1813 1023 1526 1293 1768 1878 1664 1104 1982 1535 1775 1893 1252 1434 1665 1927 BCNSPRNW ULIB Ver.6.0+V

เปลี่ยนเป็นภาษาไทย

Change to English
 แสดงรายละเอียดบรรณานุกรม
  กลับหน้าหลัก

Brief Record : Get Marc (ISO 2709) : E-mail record : QR code < ปิดหน้าต่าง
LEADER : 00000nam 2200000uu 4500
001    13399128250
003     ULIB
008    220822s2557||||th 000 0 tha d
020    ^a9786162997044 (ล.6)
050  0 ^aนว^bก947ล^cล.6
100 0  ^aโก้วเล้ง
245 10 ^aลูกปลาน้อยเซียวฮื้อยี้ เล่ม 6. /^cโก้วเล้ง, เขียน ; น.นพรัตน์, แปล
246 30 ^aเซียวฮื้อยี้
250    ^aพิมพ์ครั้งที่ 1
260    ^aกรุงเทพฯ :^bสยามอินเตอร์บุ๊ค,^c2557
300    ^a6 เล่ม ;^c21 ซม.
650  4 ^aนวนิยายจีนกำลังภายใน
650  4 ^aนวนิยายจีน^xการแปลเป็นภาษาไทย
653    ^aOpen Your Eyes Project
700 0  ^aน.นพรัตน์,^eผู้แปล
945    ^p260^l0^i009355
999    ^aประนอม เกษจรัล
รายการนี้ยังไม่มีแท็ก
คุณยังไม่ได้ล็อกอิน คุณสามารถมีกิจกรรมร่วมกับเว็บไซต์ได้ แต่ต้องล็อกอินก่อน ::
  ล็อกอิน

รายการสื่อสารสนเทศ

ลำดับที่ ประเภท เลขเรียก/บาร์โค้ด สถานที่ สถานะ
1. นวนิยาย
นวนิยาย
นว ก947ล ล.6 ฉ.1 
  Barcode: 009355
ห้องสมุดวิทยาเขตสวรรค์ประชารักษ์
►หนังสือทั่วไป
บนชั้น

รายการใกล้เคียง
    ผู้แต่ง [โก้วเล้ง]

    หัวเรื่อง [นวนิยายจีนกำลังภายใน]

BibComment


ยังไม่เคยถูกคอมเมนท์

คอมเมนท์ทรัพยากรรายการนี้
  คอมเมนท์: ลูกปลาน้อยเซียวฮ..


 Copyright 2026. Bcnsprnw @Library